000 00814nam a2200289 a 4500
001 000107957
003 CHAP
005 20220329143951.0
008 131123s2008 maua |r ||||||eng d
010 _a104419
011 _a105391
020 _a9780878936922
040 _cCHAP
082 0 4 _a333.9516
_bP95 2008
100 1 _aPrimack, Richard B.
_991630
245 1 0 _aA primer of conservation biology /
_cpor Richard B. Primack.
250 _a4 ed.
260 _aSunderland, MA :
_bSinauer Associates,
_cc2008.
300 _axiv, 349 p.
590 _aBATCH-UPD
_b10
_c20131123
_lUCH01
_h1026
590 _aE11695DGD
_b10
_c20131123
_lUCH01
_h1025
590 _aE11695DGD
_b10
_c20131123
_lUCH01
_h1029
650 1 4 _aBiología de la conservación.
_9124709
901 _aBK
942 _cLIBRO
942 _n0
999 _c104419
_d104419